000 00561nam a2200193Ia 4500
003 GCL
008 140319s9999 xx 000 0 ara d
040 _aGCL /
_cGCL
082 0 4 _a133.4
_bم س
100 1 _aمحمد زهير الحريرى
245 1 0 _aالسحر بين الحقيقة والخيال /
_cمحمد زهير الحريرى
260 _a[S.N] :
_bدار الايمان ،
_c1985
300 _a239 ص
490 _a
650 0 4 _aالسحر
650 0 4 _aعلم النفس
650 0 4 _aعلم النفس الشعبى
942 _2ddc
_cBK
999 _c45950
_d45950